| 000 | 00498nam a22001817a 4500 | ||
|---|---|---|---|
| 003 | OSt | ||
| 005 | 20240708153138.0 | ||
| 008 | 240708b |||||||| |||| 00| 0 eng d | ||
| 020 | _a9780821382448 | ||
| 040 |
_aDDC _cMUST |
||
| 082 | _a235p ISBN 2010 | ||
| 100 |
_aWorld Bank _96730 |
||
| 245 |
_aThe World Bank: _bThe Little Data Book/ _cWorld Bank |
||
| 260 |
_aUSA: _bThe World Bank; _c2010. |
||
| 300 |
_avi,235p.: _c21.6cm. |
||
| 650 |
_aEnvironmental Economy _918514 |
||
| 942 |
_2ddc _cO_SHELF |
||
| 999 |
_c9094 _d9094 |
||